Housing for an urban renaissance:implications for social equity (Record no. 73308)
[ view plain ]
| 000 -LEADER | |
|---|---|
| fixed length control field | 01737cam a2200289 4500 |
| 001 - CONTROL NUMBER | |
| control field | ABS66988 |
| 008 - FIXED-LENGTH DATA ELEMENTS--GENERAL INFORMATION | |
| fixed length control field | 030901n2003 000 0 eng u |
| 035 ## - SYSTEM CONTROL NUMBER | |
| System control number | (Sirsi) u123415 |
| 100 ## - MAIN ENTRY--PERSONAL NAME | |
| Personal name | Burton, E. |
| 245 ## - TITLE STATEMENT | |
| Title | Housing for an urban renaissance:implications for social equity |
| 260 ## - PUBLICATION, DISTRIBUTION, ETC. | |
| Date of publication, distribution, etc. | 2003 |
| 490 ## - SERIES STATEMENT | |
| Series statement | Housing Studies |
| Volume/sequential designation | 18(4) July 2003, 537-562(26) |
| 520 ## - SUMMARY, ETC. | |
| Summary, etc. | Although current UK housing policy favours high-density, mixed-use development on previously-developed urban land and promotes an urban renaissance, largely because of its claimed advantages of sustainability, sustainability impacts have been little tested in practice. Outlines the development of a theory of social equality in relation to urban form and provides empirical research based on this to test the case of the so-called compact city, that is high-density, mixed-use urban form. Examines the research, which involved a comparative investigation of a range of alleged social equality impacts in 25 medium-sized English cities of varying levels and types of compactness. Finds that, in certain respects and with certain qualifications, the compact city has the potential to promote social equality. Tables covering indicators and impacts, towns and cities covered and compactness/social equity relationships. References. [Taken from journal abstract]. |
| 590 ## - LOCAL NOTE (RLIN) | |
| Local note | ABS |
| 650 ## - SUBJECT ADDED ENTRY--TOPICAL TERM | |
| Topical term or geographic name entry element | SERVICES |
| 650 ## - SUBJECT ADDED ENTRY--TOPICAL TERM | |
| Topical term or geographic name entry element | LOCAL AMENITIES |
| 650 ## - SUBJECT ADDED ENTRY--TOPICAL TERM | |
| Topical term or geographic name entry element | HOUSING POLICY |
| 650 ## - SUBJECT ADDED ENTRY--TOPICAL TERM | |
| Topical term or geographic name entry element | HIGH DENSITY DEVELOPMENT |
| 650 ## - SUBJECT ADDED ENTRY--TOPICAL TERM | |
| Topical term or geographic name entry element | HIGH DENSITY HOUSING |
| 650 ## - SUBJECT ADDED ENTRY--TOPICAL TERM | |
| Topical term or geographic name entry element | MIXED-USE DEVELOPMENTS |
| 650 ## - SUBJECT ADDED ENTRY--TOPICAL TERM | |
| Topical term or geographic name entry element | DERELICT LAND |
| 650 ## - SUBJECT ADDED ENTRY--TOPICAL TERM | |
| Topical term or geographic name entry element | COMPACT CITIES |
| 650 ## - SUBJECT ADDED ENTRY--TOPICAL TERM | |
| Topical term or geographic name entry element | URBAN LAND |
| 650 ## - SUBJECT ADDED ENTRY--TOPICAL TERM | |
| Topical term or geographic name entry element | PREVIOUSLY DEVELOPED LAND |
| 690 ## - LOCAL SUBJECT ADDED ENTRY--TOPICAL TERM (OCLC, RLIN) | |
| Topical term or geographic name as entry element | HOUSING-DEVELOPMENT |
| 942 ## - ADDED ENTRY ELEMENTS (KOHA) | |
| Suppress in OPAC | 0 |
| Withdrawn status | Lost status | Source of classification or shelving scheme | Damaged status | Not for loan | Home library | Current library | Shelving location | Date acquired | Total Checkouts | Full call number | Barcode | Date last seen | Copy number | Price effective from | Koha item type |
|---|---|---|---|---|---|---|---|---|---|---|---|---|---|---|---|
| Dewey Decimal Classification | London | London | Journal article | 01/09/2003 | ABS66988 | 123415-1001 | 06/08/2019 | 1 | 06/08/2019 | Journal article |